| 000 | 00530nam a2200193 i 4500 | ||
|---|---|---|---|
| 001 | 91317 | ||
| 003 | ES-MaACL | ||
| 005 | 20230906180707.0 | ||
| 007 | t| | ||
| 008 | 050128s1919 ag ||||1| spa d | ||
| 100 | 1 |
_aLeptir. _971739 |
|
| 245 | 1 | 4 |
_aLos filibusteros de Finme / _cLeptir. |
| 260 |
_aBuenos Aires : _bEdición de la Defensa Nacional Yugoslava, _c1919. |
||
| 300 | _av. | ||
| 490 | 1 | _aBiblioteca del Jadran | |
| 830 | 0 |
_aBiblioteca del Jadran _9231976 |
|
| 852 |
_aES-MaACL _j1583-F-20 |
||
| 999 |
_c91317 _d91317 |
||